| 000 | 01476cam a22003857a 4500 | ||
|---|---|---|---|
| 003 | CHAP | ||
| 005 | 20220329142651.0 | ||
| 008 | 020903d2002 mx ab r 00110 spa d | ||
| 010 | _a86224 | ||
| 011 | _a87196 | ||
| 035 | _a97738 | ||
| 040 | _cCHAP | ||
| 090 | _aTesis | ||
| 100 | 0 | 0 |
_aRamírez Román, Armando. _994245 |
| 245 | 1 | 0 |
_aEstudio técnico-económico para el establecimiento de un centro de acopio y beneficio de frijol en el municipio de Sain Alto, Zacatecas _c/por Armando Ramírez Román |
| 260 |
_aChapingo, Méx. : _bEl autor, _c2002. |
||
| 300 |
_a140 h. ; _bilus. ; gráfs. ; mapa + anexo |
||
| 502 | _aTesis (Lic. en Economía Agrícola) -- UACH. División de Ciencias Económico Administrativas | ||
| 590 |
_aALEPH _b10 _c20130110 _lUCH01 _h1449 |
||
| 590 |
_aBATCH-UPD _b10 _c20130110 _lUCH01 _h0244 |
||
| 590 |
_aBATCH-UPD _b10 _c20130110 _lUCH01 _h1430 |
||
| 590 |
_aBATCH-UPD _b10 _c20130409 _lUCH01 _h2314 |
||
| 590 |
_aBATCH-UPD _b10 _c20130914 _lUCH01 _h1438 |
||
| 590 |
_aCONVERSION _b10 _c20130109 _lUCH01 _h1348 |
||
| 650 | 1 | 4 |
_aFrijol _xAlmacenamiento. _943322 |
| 650 | 1 | 4 |
_aFrijol _xAspectos económicos _zZacatecas. _943335 |
| 650 | 1 | 4 |
_aFrijol _xMercadeo. _943406 |
| 650 | 1 | 4 |
_aFrijol _xPrecios. _943420 |
| 650 | 1 | 4 |
_aFrijol _zZacatecas. _943458 |
| 901 | _aBK | ||
| 905 | _aMayto Villalobos S. | ||
| 942 | _cFOLL | ||
| 949 |
_aTesis _bBC _cTES _d33724000877759 _eTS2 _fc.2 _h39937 _i97738 _si |
||
| 949 |
_aTesis _bBC _cTES _d97738123 _eTS1 _h39936 _i97738 _sb |
||
| 999 |
_c86224 _d86224 |
||